| 000 | 00000nas 2200000zi 4500 |
| 001 | 9.913114 |
| 003 | CaOODSP |
| 005 | 20250731090404 |
| 006 | m o d f |
| 007 | cr ||||||||||| |
| 008 | 220622c20079999oncar p o f0###a0eng|d |
| 022 | |a2816-6574 |
| 040 | |aCaOODSP|beng|erda|cCaOODSP |
| 041 | |aeng|afre |
| 043 | |an-cn--- |
| 086 | 1 |aNS1-41/1-PDF |
| 086 | 1 |aNS1-41/1E-PDF |
| 110 | 2 |aNatural Sciences and Engineering Research Council of Canada.|eauthor, |eissuing body. |
| 222 | 0|aAnnual report. Access to Information Act |b(Natural Sciences and Engineering Research Council of Canada) |
| 245 | 10|aAnnual report. |pAccess to Information Act / |cNatural Sciences and Engineering Research Council = Rapport annuel. Loi sur l'accès à l'information / Conseil de recherches en sciences naturelles et en génie. |
| 246 | 11|aLoi sur l'accès à l'information. |pRapport annuel ... |
| 246 | 10|aAccess to Information Act |
| 246 | 13|aNatural Sciences and Engineering Research Council of Canada (NSERC) ... annual report. |pAccess to Information Act |
| 246 | 13|aAnnual reports. |pAccess to Information Act of the Natural Sciences and Engineering Research Council of Canada (NSERC) |
| 264 | 1|a[Ottawa] : |bNatural Sciences and Engineering Research Council = Conseil de recherches en sciences naturelles et en génie, |c[2007]- |
| 310 | |aAnnual |
| 336 | |atext|btxt|2rdacontent |
| 337 | |acomputer|bc|2rdamedia |
| 338 | |aonline resource|bcr|2rdacarrier |
| 362 | 1 |aBegan with : April 1, 2006 to March 31, 2007. |
| 546 | |aText in English and French in parallel columns, 2007-2012; text in English only, 2013- |
| 588 | |aDescription based on: April 1, 2006 to March 31, 2007. |
| 588 | |aLatest issue consulted: April 1, 2020 to March 31, 2021. |
| 610 | 20|aNatural Sciences and Engineering Research Council of Canada |vPeriodicals. |
| 610 | 10|aCanada. |tAccess to Information Act|vPeriodicals. |
| 650 | 0|aGovernment information|zCanada|vPeriodicals. |
| 650 | 0|aFreedom of information|zCanada|vPeriodicals. |
| 655 | 7|aPeriodicals|2lcgft |
| 775 | 08|tRapport annuel de ... du Conseil de recherches en sciences naturelles et en génie du Canada (CRSNG) concernant la Loi sur l'accès à l'information.|w(CaOODSP)9.912614 |
| 792 | |tAnnual report ... = |efre|w(CaOODSP)9.913115 |